000 00589nam a2200217Ia 4500
005 20260115173304.0
008 008 260114s9999 xx 000 0 eng d
020 _a9781780689111
037 _aEBOOK
040 _aCRL
_beng
_cCRL
041 _aeng
_2eng
084 _qCRL
100 _aBoele-Woelki/Martiny
_9884559
245 0 _aPlurality and Diversity of Family Relations in Europe
260 _bCambridge University Press
260 _bIntersentia
260 _c2019
856 _uhttps://doi.org/10.1017/9781780689111
942 _cEBOOK
999 _c1483167
_d1483167